| 000 | 00486cam a2200169ua 4500 | ||
|---|---|---|---|
| 020 | _a0 250 40156 8 | ||
| 041 |
_aeng _h |
||
| 082 |
_a628.11 _bMCC/IN |
||
| 100 | _aMcclelland, Nina . | ||
| 245 |
_aIndividual onsite waste water systems:Proceedings of the third national conference-1976 / _cNina Mcclalland. _hTextual Documents |
||
| 260 |
_a : _bAnn Arbor science , _c1977. |
||
| 300 | _a320 ; . | ||
| 500 | _a** Reference | ||
| 504 | _a | ||
| 942 | _cBK | ||
| 999 |
_c10661 _d10661 |
||